Frank Lloyd Wright to 1910: the first golden age

Gorde:
Xehetasun bibliografikoak
Egile nagusia: Manson, Grant Carpenter (autor)
Formatua: Liburua
Hizkuntza:ingelesa
Argitaratua: Nueva York Reinhold 1958
Gaiak:
Etiketak: Etiketa erantsi
Etiketarik gabe, Izan zaitez lehena erregistro honi etiketa jartzen!

MARC

LEADER 00000nam a2200000 a 4500
001 UCY4127
003 CL-VaPUC
008 950228e19580000US |||||||||||||||||eng|d
082 0 4 |a 720.92  |b MAN  |2 21 
100 |a Manson, Grant Carpenter  |e autor  |9 332559 
245 1 0 |a Frank Lloyd Wright to 1910: the first golden age 
300 |a 228 p 
942 |c BK 
945 |d 19950228 00:00:00  |a aalvarez 
260 |a Nueva York  |b Reinhold  |c 1958 
600 0 7 |a WRIGHT, FRANK LLOYD  |2 CL-VaPUC  |9 266860 
650 0 |a Arquitectura moderna   |v Siglo 20   |9 265427 
651 0 |a Estados Unidos  |9 255178 
583 |a last modification  |c 19950228 00:00:00  |k Rodrigo Vera 
999 |c 232088  |d 232086 
952 |0 0  |1 0  |2 ddc  |4 0  |6 720_920000000000000_MAN_1958  |7 0  |8 A  |9 236110  |a BIBARQ  |b BIBARQ  |c PAC  |d 2019-11-15  |i 3056163  |o 720.92 MAN 1958  |p 3056163  |r 2025-01-20  |w 2019-11-15  |y BK  |k ARQ